[Event "Premier Quad, S40409"]
[Site "CCLA"]
[Date "2014.11.24"]
[Round "?"]
[White "Stroup, Jim"]
[Black "Silverman, Robert"]
[Result "1-0"]
[WhiteElo "1768"]
[BlackElo "1871"]

1. e4 c5 2. Nf3 d6 3. d4 cxd4 4. Nxd4 e5 5. Bb5+ Bd7 6. Bxd7+ Nxd7 7. Nf5 
Ndf6 8. Nc3 d5 9. exd5 Ne7 10. Ne3 Ng6 11. O-O Bb4 12. Bd2 O-O 13. a3 Bc5 
14. Qf3 Re8 15. Rad1 e4 16. Qe2 Rc8 17. Qb5 Qc7 18. Rfe1 Nf4 19. Na4 Bxe3 
20. Bxe3 N4xd5 21. Rxd5 a6 22. Qb3 Nxd5 23. Qxd5 Qxc2 24. Nc5 Red8 25. 
Qxb7 Rxc5 26. Bxc5 Qxc5 27. Qxa6 Qd5 28. h3 Qb3 29. Qa5 Rb8 30. Rxe4 Qxb2 
31. a4 g6 32. Qe5 Qxe5 33. Rxe5 Rb1+ 34. Kh2 Ra1 35. a5 Ra4 36. Kg3 f6 37.
 Rb5 Kf7 38. Kf3 Ke6 39. g3 Ra3+ 40. Kg4 Ra4+ 41. f4 Ra3 42. Rb6+ Kd5 43. 
a6 f5+ 44. Kh4 Kc5 45. Rb7 h5 46. a7 Kc6 47. Rg7 Kd5 48. Rxg6 Rxa7 49. 
Kxh5 Rh7+ 50. Rh6 Rg7 51. h4 Rxg3 52. Rg6 Rh3 53. Kg5 Ke4 54. Re6+ Kf3 55.
 h5 Rg3+ 56. Kxf5 Rg7 57. h6 Rg4 58. Re3+ 1-0

[Event " NA Class A Server Championship, S40109"]
[Site "CCLA"]
[Date "2014.04.30"]
[Round "?"]
[White "Calkins, Donn"]
[Black "Cacas, Alexander"]
[Result "1/2-1/2"]
[WhiteElo "1938"]
[BlackElo "1886"]

1. e4 c5 2. Nf3 d6 3. d4 cxd4 4. Nxd4 Nf6 5. f3 e6 6. c4 Nc6 7. Nc3 Be7 8.
 Be3 O-O 9. Be2 Nxd4 10. Qxd4 Bd7 11. O-O Bc6 12. Rfd1 Qc7 13. a3 b6 14. 
a4 Rab8 15. Nb5 Bxb5 16. axb5 Rfd8 17. Rac1 Rbc8 18. b4 Qb8 19. g3 Qb7 20.
 Ra1 Nd7 21. Ra6 Bf6 22. Qd3 Ne5 23. Qb3 Rd7 24. Rda1 Qb8 25. Rc1 Rdc7 26.
 f4 Nd7 27. Ra2 e5 28. f5 Be7 29. Bf3 Nf6 30. Ra4 Rd7 31. Raa1 Rcd8 32. 
Qd3 Qb7 33. Rc2 Rc8 34. Ra4 Rdc7 35. h3 Qb8 36. Bd2 1/2-1/2

[Event "Summer Server Series, S40071"]
[Site "CCLA"]
[Date "2014.07.28"]
[Round "?"]
[White "Richardson, Ryan M."]
[Black "Greco, Tom"]
[Result "1-0"]
[WhiteElo "1689"]
[BlackElo "1644"]

1. e4 c5 2. Nf3 d6 3. d4 cxd4 4. Nxd4 Nf6 5. Nc3 h6 6. Be3 e6 7. Bb5+ Bd7 
8. Qe2 Be7 9. O-O-O O-O 10. f4 a6 11. Bd3 b5 12. e5 dxe5 13. fxe5 Ne8 14. 
Bxh6 gxh6 15. Qe4 Bg5+ 16. Kb1 f5 17. exf6 Nxf6 18. Qxa8 e5 19. Ne6 Qb6 
20. Nxf8 Bc6 21. Bh7+ Nxh7 22. Nd7 1-0

[Event "Herbert W. Gustafson Memorial, S47209"]
[Site "CCLA"]
[Date "2014.10.27"]
[Round "?"]
[White "Cantrell, Dennis"]
[Black "Sullivan, Terry"]
[Result "1-0"]
[WhiteElo "1211"]
[BlackElo "1089"]

1. e4 c5 2. Nf3 d6 3. d4 cxd4 4. Nxd4 Nf6 5. Nc3 Be6 6. Nxe6 Qb6 7. Nxf8 
Rxf8 8. Be3 Qa5 9. Be2 Nc6 10. O-O O-O-O 11. Bf3 Ne5 12. Qd4 Nc6 13. Qc4 
d5 14. exd5 e6 15. dxc6 Nd5 16. cxb7+ Kxb7 17. Qb5+ Qb6 18. Bxb6 e5 19. 
Bxd8+ Ka8 20. Qxd5+ Kb8 21. Qd6+ 1-0

[Event "Continuous Server Series, S40199"]
[Site "CCLA"]
[Date "2014.06.09"]
[Round "?"]
[White "Duncovich, Mark"]
[Black "Acosta, Errol"]
[Result "0-1"]
[WhiteElo "1501"]
[BlackElo "1365"]

1. e4 c5 2. Nf3 d6 3. d4 cxd4 4. Nxd4 Nf6 5. Nc3 Nc6 6. Be3 a6 7. Qd2 e5 
8. Nb3 Be7 9. f3 O-O 10. O-O-O b5 11. g4 a5 12. Qf2 a4 13. Nd2 b4 14. Nd5 
Nxd5 15. exd5 b3 16. cxb3 Nb4 17. Kb1 axb3 18. a3 Nxd5 19. Ne4 Nxe3 20. 
Qxe3 d5 21. Nd2 d4 22. Qe4 Be6 23. Bd3 g6 24. Qxe5 Ra5 25. Qe2 Bxa3 26. 
Nc4 Bb4 27. Be4 Bxc4 28. Qxc4 Ra1+ 29. Kxa1 Qa5+ 30. Kb1 Ra8 31. Bxa8 Qa2+
32. Kc1 Qa1# 0-1

[Event "Continuous Server Series, S40149"]
[Site "CCLA"]
[Date "2014.05.05"]
[Round "?"]
[White "Fausey, Verna M."]
[Black "Acosta, Errol"]
[Result "1-0"]
[WhiteElo "1747"]
[BlackElo "1365"]

1. e4 c5 2. Nf3 d6 3. d4 cxd4 4. Nxd4 Nf6 5. Nc3 Nc6 6. Bg5 g6 7. Bxf6 
exf6 8. Bc4 Bg7 9. Nb3 O-O 10. Nb5 f5 11. Rb1 fxe4 12. Nxd6 Qe7 13. O-O 
Rd8 14. Nxc8 Raxc8 15. Qe2 Ne5 16. Bb5 a6 17. Bxa6 bxa6 18. Qxe4 Rc4 19. 
Qe2 Rg4 20. f4 Qa7+ 21. Kh1 Rh4 22. fxe5 Qe7 23. Qxa6 Rxh2+ 24. Kxh2 Qh4+ 
25. Kg1 Bxe5 26. Rf3 Qh2+ 27. Kf2 Qh4+ 28. Ke2 Qe4+ 29. Kf1 Qxc2 30. Re1 
Rd1 31. Qa8+ Kg7 32. Rxf7+ Kxf7 33. Qf3+ Bf6 34. Rxd1 Qc4+ 35. Kg1 Qe6 36.
 Nc5 Qb6 37. Rd7+ 1-0

[Event "Open Server Series, S40209"]
[Site "CCLA"]
[Date "2014.06.13"]
[Round "?"]
[White "Fausey, Verna M."]
[Black "Catania, Duane"]
[Result "1-0"]
[WhiteElo "1747"]
[BlackElo "1774"]

1. e4 c5 2. Nf3 Nc6 3. d4 cxd4 4. Nxd4 d6 5. Nc3 Nf6 6. Bg5 Qb6 7. Nb3 Bd7
8. Be3 Qd8 9. Be2 g6 10. Nd4 Bg7 11. O-O O-O 12. Qd2 a6 13. Nxc6 bxc6 14. 
Rad1 Qc7 15. Bg5 Rfe8 16. e5 Nd5 17. exd6 Bxc3 18. dxc7 Bxd2 19. Rxd2 Be6 
20. Bf3 Rac8 21. c4 Nxc7 22. Bxc6 Bxc4 23. Bxe8 Bxf1 24. Bd7 1-0

[Event "Herbert W. Gustafson Memorial Open, S47019"]
[Site "CCLA"]
[Date "2014.10.27"]
[Round "?"]
[White "Edwards, K. E. D. G."]
[Black "Vaughan, James"]
[Result "0-1"]
[WhiteElo "2319"]
[BlackElo "2270"]

1. e4 c5 2. Nf3 Nc6 3. Nc3 d6 4. d4 cxd4 5. Nxd4 Nf6 6. Bg5 e6 7. Qd2 Be7 
8. O-O-O Nxd4 9. Qxd4 O-O 10. f4 h6 11. Bh4 Qa5 12. Bc4 e5 13. fxe5 dxe5 
14. Qd3 Bg4 15. Rdf1 Be6 16. Bxe6 fxe6 17. Qc4 Qb6 18. Bf2 Qc6 19. Qxc6 
bxc6 20. Bg3 Ng4 21. Rxf8+ Rxf8 22. Kd2 Bg5+ 23. Ke2 h5 24. Be1 Rd8 25. h3
Nf6 26. b3 h4 27. Kf3 Rf8 28. g3 hxg3 29. Kxg3 Be3 30. Kg2 Nh5 31. Rf1 
Nf4+ 32. Kh2 Rd8 33. Kg3 Bb6 34. Bf2 Kf7 35. h4 Ke7 36. Na4 Nh5+ 37. Kg2 
Bxf2 38. Rxf2 Nf6 39. Kf3 Rh8 40. Rg2 Rxh4 41. Rxg7+ Kd6 42. Rxa7 Rf4+ 43.
 Ke3 Rxe4+ 44. Kd2 Rg4 45. Nb6 Kc5 46. Nc4 Rg2+ 47. Kc3 Nd5+ 48. Kb2 e4 
49. Rh7 Kd4 50. a4 e5 51. a5 e3 52. Rh1 e2 53. a6 Rg8 54. Kc1 Rf8 55. Re1 
Kc3 56. Nb2 Nf4 57. Na4+ Kd4 58. Kd2 Ke4 59. Rxe2+ Nxe2 60. Kxe2 Rh8 61. 
Nc5+ Kd4 62. Na4 Rh2+ 63. Kf1 Rh7 64. Ke2 Ra7 65. c3+ Kd5 66. Nb6+ Ke6 67.
 Na4 Kd6 68. b4 Rxa6 69. Nc5 Ra1 70. Kd3 Rd1+ 71. Kc2 Rd5 72. Ne4+ Ke6 73.
 c4 Rd4 74. Nc5+ Kf5 75. Kc3 Rd1 76. b5 cxb5 77. cxb5 e4 78. b6 e3 79. Nd3
Ke4 80. Nc5+ Kf3 81. b7 e2 82. Nd3 Rb1 83. Ne1+ Kf2 84. b8=Q Rxb8 0-1

[Event "2014 Server Championship, S40029"]
[Site "CCLA"]
[Date "2014.01.27"]
[Round "?"]
[White "Edwards, K. E. D. G."]
[Black "Weiner, Jerry"]
[Result "1/2-1/2"]
[WhiteElo "2319"]
[BlackElo "2302"]

1. e4 c5 2. Nf3 d6 3. d4 Nf6 4. Nc3 cxd4 5. Nxd4 Nc6 6. Bg5 e6 7. Qd2 Be7 
8. O-O-O O-O 9. f4 Nxd4 10. Qxd4 Qa5 11. Bc4 h6 12. Bh4 e5 13. fxe5 dxe5 
14. Qd3 Bg4 15. Rdf1 Rac8 16. Bxf6 Bxf6 17. Kb1 Qc5 18. Bb3 Be7 19. Qg3 
Be6 20. Rd1 b5 21. Nd5 a5 22. Qxe5 Kh8 23. c3 a4 24. Bc2 a3 25. Qd4 axb2 
26. Qxc5 Bxc5 27. Kxb2 Bd6 28. Rd3 Be5 29. Bb3 Bxd5 30. exd5 Rxc3 31. Rxc3
Rc8 32. Rc1 b4 33. Kb1 bxc3 34. g3 g5 35. Rd1 Bd6 36. Kc2 h5 37. a4 Kg7 
38. a5 Ra8 39. Ra1 h4 40. gxh4 g4 41. Bc4 Bxh2 42. a6 Be5 43. Rd1 Bd6 44. 
Kxc3 f5 45. Kd4 f4 46. Rg1 g3 47. Ke4 Rc8 48. Bf1 Kf6 49. Rg2 Rc1 50. Be2 
Rc3 51. Bd3 Ra3 52. Rb2 f3 53. Bf1 Kg6 54. a7 Rxa7 55. Kxf3 Rf7+ 56. Kg2 
1/2-1/2

[Event "Summer Server Series, S40051"]
[Site "CCLA"]
[Date "2014.07.28"]
[Round "?"]
[White "Quirk, Michael"]
[Black "Holmes, Ross A."]
[Result "1-0"]
[WhiteElo "2205"]
[BlackElo "2114"]

1. e4 c5 2. Nf3 Nc6 3. d4 cxd4 4. Nxd4 Nf6 5. Nc3 d6 6. Bg5 e6 7. Qd2 Be7 
8. O-O-O Nxd4 9. Qxd4 O-O 10. f4 Qa5 11. Bc4 h6 12. h4 Rd8 13. Bd3 hxg5 
14. hxg5 Ng4 15. Be2 e5 16. Qg1 Qc5 17. Nd5 Qxg1 18. Rdxg1 Bf8 19. Bxg4 
Bxg4 20. Rh2 1-0

[Event "Winter Server Series, S40011"]
[Site "CCLA"]
[Date "2014.01.27"]
[Round "?"]
[White "Cross, Gregory W."]
[Black "Galvin, John H."]
[Result "1/2-1/2"]
[WhiteElo "2172"]
[BlackElo "2191"]

1. e4 c5 2. Nf3 d6 3. d4 cxd4 4. Nxd4 Nf6 5. Nc3 a6 6. Bg5 Nc6 7. Qd2 e6 
8. O-O-O Be7 9. f3 Nxd4 10. Qxd4 b5 11. e5 dxe5 12. Qxe5 Qb6 13. Be3 Qb8 
14. Qxb8 Rxb8 15. Bf4 Ra8 16. Bd3 Bb7 17. a4 b4 18. Ne4 Nxe4 19. Bxe4 Bxe4
20. fxe4 f6 21. Rhe1 Rc8 22. Kb1 Rc6 23. Rd2 Kf7 1/2-1/2

[Event "NA Class D Server Championship, S40139"]
[Site "CCLA"]
[Date "2014.04.30"]
[Round "?"]
[White "Williams, Rufus H."]
[Black "Anderson, Lawrence D."]
[Result "0-1"]
[WhiteElo "1222"]
[BlackElo "1365"]

1. e4 c5 2. Nf3 d6 3. d4 cxd4 4. Nxd4 Nf6 5. Nc3 g6 6. Bc4 Bg7 7. O-O O-O 
8. Re1 Nc6 9. Nxc6 bxc6 10. Bg5 Rb8 11. Bb3 e5 12. h3 Qe7 13. Qd2 Be6 14. 
Bxe6 Qxe6 15. b3 Rfd8 16. Rab1 d5 17. Bxf6 Bxf6 18. exd5 cxd5 19. Rbd1 d4 
20. Ne4 Bg7 21. f3 a6 22. Qg5 f6 23. Qg3 Qb6 24. Kh2 f5 25. Ng5 Rd5 26. h4
Bf6 27. Nxh7 Kxh7 28. Qh3 Rh8 29. g4 Kg7 30. Kg2 Bxh4 31. gxf5 Rh5 32. Re4
g5 33. Qg4 Kh6 34. f4 gxf4 35. Rxe5 Rxe5 36. Qxf4+ Rg5+ 37. Kh3 Bg3 38. 
Qxd4 Qxd4 39. Rxd4 Rexf5 40. Rd3 Be1 41. c4 Rh5+ 42. Kg4 Rf6 0-1

[Event "2014 Server Championship, S40029"]
[Site "CCLA"]
[Date "2014.01.27"]
[Round "?"]
[White "Shnaiderman, Lazar"]
[Black "Owens, Johnny"]
[Result "1/2-1/2"]
[WhiteElo "2026"]
[BlackElo "2150"]

1. d4 g6 2. e4 Bg7 3. Nc3 c5 4. Nf3 cxd4 5. Nxd4 Nc6 6. Be3 d6 7. Be2 Nf6 
8. O-O O-O 9. Qd2 Ng4 10. Bxg4 Bxg4 11. f3 Bd7 12. Rad1 Rc8 13. Nxc6 Bxc6 
14. Bd4 Qa5 15. Bxg7 1/2-1/2

[Event "Open Server Series, S40089"]
[Site "CCLA"]
[Date "2014.03.24"]
[Round "?"]
[White "Smail, John"]
[Black "Buss, Michael D."]
[Result "0-1"]
[WhiteElo "1836"]
[BlackElo "2349"]

1. e4 g6 2. d4 Bg7 3. Nc3 c5 4. Nf3 cxd4 5. Nxd4 Nc6 6. Be3 Nf6 7. Be2 d6 
8. O-O O-O 9. Nb3 Be6 10. f4 Rc8 11. f5 Bd7 12. g4 Ne5 13. g5 Rxc3 14. 
gxf6 Rxe3 15. fxg7 Kxg7 16. Bd3 gxf5 17. exf5 Qb6 18. Rf2 Rg8 0-1

[Event "Regular Quad, S40309"]
[Site "CCLA"]
[Date "2014.09.15"]
[Round "?"]
[White "Stroup, Jim"]
[Black "Acosta, Errol"]
[Result "1-0"]
[WhiteElo "1768"]
[BlackElo "1365"]

1. e4 c5 2. Nf3 d6 3. d4 cxd4 4. Nxd4 Nf6 5. Nc3 g6 6. Be3 Bg7 7. f3 a6 8.
 Qd2 e5 9. Nb3 Nc6 10. O-O-O Nd4 11. Nxd4 exd4 12. Qxd4 O-O 13. Qxd6 Bd7 
14. Bb6 Qc8 15. e5 Bb5 16. exf6 Bh6+ 17. Kb1 Bxf1 18. Rhxf1 Qc4 19. Rfe1 
Rac8 20. Re4 Qc6 21. Qxc6 bxc6 22. Rd7 Rb8 23. Bc5 Rfe8 24. Ree7 Bf8 25. 
Ne4 Bxe7 26. fxe7 f5 27. Nd6 Ra8 28. Nxe8 1-0

[Event "2014 Server Championship, S40029"]
[Site "CCLA"]
[Date "2014.01.27"]
[Round "?"]
[White "Weiner, Jerry"]
[Black "Greene, Sanford I."]
[Result "1/2-1/2"]
[WhiteElo "2302"]
[BlackElo "2375"]

1. e4 c5 2. Nf3 d6 3. d4 cxd4 4. Nxd4 Nf6 5. Nc3 g6 6. Be3 Bg7 7. f3 O-O 
8. Be2 Nc6 9. Nb3 Be6 10. Qd2 a6 11. Nd5 Bxd5 12. exd5 Ne5 13. f4 Ned7 14.
 O-O Rc8 15. c4 Ne4 16. Qc2 f5 17. Nd4 Bxd4 18. Bxd4 Qa5 19. Rfc1 Ndf6 20.
 Qd1 Rfe8 21. Rc2 b5 22. b3 bxc4 23. Bxc4 Rc7 24. a3 Rec8 25. Kh1 Kf8 26. 
Bg1 h5 27. Qd4 Kg7 28. Qb6 Qxb6 29. Bxb6 Rb7 30. Bxa6 Rxc2 31. Bxb7 Nc5 
32. Bxc5 dxc5 33. a4 Rb2 34. Ba6 Nxd5 35. a5 Nb4 36. Bc4 Nc2 37. Rc1 Ne3 
38. Ra1 Nc2 1/2-1/2

[Event "Herbert W. Gustafson Memorial , S47179"]
[Site "CCLA"]
[Date "2014.10.27"]
[Round "?"]
[White "Anderson, Lawrence D."]
[Black "Hodgkins, Neil C."]
[Result "1-0"]
[WhiteElo "1365"]
[BlackElo "1419"]

1. e4 c5 2. Nf3 d6 3. d4 cxd4 4. Nxd4 Nf6 5. Nc3 g6 6. Be3 Bg7 7. f3 Nc6 
8. Qd2 O-O 9. O-O-O d5 10. exd5 Nxd5 11. Nxc6 bxc6 12. Bd4 e5 13. Bc5 Re8 
14. Ne4 Bf8 15. Bxf8 Kxf8 16. Bc4 Be6 17. Nc5 Qe7 18. Nxe6+ Qxe6 19. Bxd5 
cxd5 20. Qxd5 Qxd5 21. Rxd5 Rad8 22. Rxd8 Rxd8 23. Rd1 Rc8 24. Rd7 Ra8 25.
 c4 a5 26. b3 Ke8 27. Rd5 f6 28. Kd2 Ke7 29. Ke3 g5 30. g4 Ke6 31. Ke4 h6 
32. a3 Rb8 33. Rb5 Ra8 34. b4 axb4 35. axb4 Rd8 36. Rd5 Rxd5 37. cxd5+ Kd6
38. h3 Kd7 39. b5 Kc7 40. Kd3 Kb6 41. Kc4 Kc7 42. Kc5 Kd7 43. b6 1-0

[Event "2014 Server Championship, S40029"]
[Site "CCLA"]
[Date "2014.01.27"]
[Round "?"]
[White "Horwitz, Daniel M."]
[Black "Weiner, Jerry"]
[Result "1-0"]
[WhiteElo "2335"]
[BlackElo "2302"]

1. e4 c5 2. Nf3 d6 3. d4 cxd4 4. Nxd4 Nf6 5. Nc3 g6 6. Be3 Bg7 7. f3 Nc6 
8. Qd2 O-O 9. Bc4 Ne5 10. Bb3 Bd7 11. O-O-O Rb8 12. f4 Nc6 13. h3 a5 14. 
a4 Nxd4 15. Bxd4 b5 16. e5 Ne8 17. axb5 Bxb5 18. Rhe1 a4 19. Nxa4 Ra8 20. 
Qb4 Bxa4 21. Bxa4 dxe5 22. fxe5 Qc8 23. b3 Nc7 24. Qc4 Rd8 25. Bc6 Ra6 26.
 Bb2 Qb8 27. Rxd8+ Qxd8 28. Rf1 e6 29. Kb1 h5 30. g4 h4 31. Qc3 Rb6 32. 
Qf3 Qf8 33. Rd1 Na6 34. c4 Rb8 35. Rd7 Nc5 36. Ba3 Nxd7 37. Bxf8 Nxe5 38. 
Qe4 f5 39. Qe3 Rxf8 40. gxf5 gxf5 41. Bb7 f4 42. Qb6 Rf6 43. Bg2 f3 44. 
Bf1 f2 45. b4 Nd7 46. Qe3 Bh6 47. Qd4 Rf7 48. c5 Bg7 49. Qe3 Ne5 50. b5 
1-0

[Event "Summer Server Series, S40081"]
[Site "CCLA"]
[Date "2014.07.28"]
[Round "?"]
[White "Smiley, William R."]
[Black "Blankenship, Jerry T."]
[Result "1-0"]
[WhiteElo "1530"]
[BlackElo "1599"]

1. e4 c5 2. Nf3 d6 3. d4 cxd4 4. Nxd4 Nf6 5. Nc3 g6 6. Be3 Bg7 7. f3 Nc6 
8. Qd2 O-O 9. Bc4 Bd7 10. O-O-O Rc8 11. Nde2 Ne5 12. Bb3 a6 13. a3 Be6 14.
 Bxe6 fxe6 15. b3 Qc7 16. Kb2 Neg4 17. Bg1 Nxe4 18. fxe4 Nf2 19. Bxf2 Rxf2
20. Qe3 Rcf8 21. Nd4 Qc5 22. Rd3 Rxg2 23. Nf3 Qxe3 24. Rxe3 Rf2 25. Ne1 
Bd4 26. Rd3 Bf6 27. Kc1 Kg7 28. Kd1 Rc8 29. Ne2 Bb2 30. a4 e5 31. Rf3 Rxf3
32. Nxf3 b5 33. axb5 axb5 34. Ne1 1-0

[Event "2014 Server Championship, S40029"]
[Site "CCLA"]
[Date "2014.01.27"]
[Round "?"]
[White "Horwitz, Daniel M."]
[Black "Greene, Sanford I."]
[Result "1-0"]
[WhiteElo "2335"]
[BlackElo "2375"]

1. e4 c5 2. Nf3 d6 3. d4 cxd4 4. Nxd4 Nf6 5. Nc3 g6 6. Be3 Bg7 7. f3 O-O 
8. Qd2 Nc6 9. Bc4 Bd7 10. Bb3 Rc8 11. O-O-O Na5 12. g4 a6 13. h4 h5 14. 
gxh5 Nxh5 15. Rhg1 b5 16. Nd5 Nxb3+ 17. axb3 e6 18. Nf4 Nf6 19. h5 e5 20. 
h6 Bh8 21. h7+ Nxh7 22. Qh2 Bg7 23. Nd5 Nf6 24. Nxf6+ Bxf6 25. Nf5 Bxf5 
26. exf5 Qd7 27. Qh5 Qc7 28. c3 Bg7 29. fxg6 fxg6 30. Rxg6 1-0

[Event "2014 Server Championship, S40029"]
[Site "CCLA"]
[Date "2014.01.27"]
[Round "?"]
[White "Edwards, K. E. D. G."]
[Black "Greene, Sanford I."]
[Result "1/2-1/2"]
[WhiteElo "2319"]
[BlackElo "2375"]

1. e4 c5 2. Nf3 d6 3. d4 cxd4 4. Nxd4 Nf6 5. Nc3 g6 6. Be3 Bg7 7. f3 O-O 
8. Qd2 Nc6 9. Bc4 Bd7 10. Bb3 Rc8 11. O-O-O Ne5 12. Kb1 a6 13. h4 h5 14. 
g4 hxg4 15. h5 Nxh5 16. Rdg1 Qa5 17. Bh6 Bf6 18. fxg4 Bxg4 19. Bf4 e6 20. 
Bxe5 Qxe5 21. Rxg4 Qxd4 22. Qh6 Bg7 23. Rxg6 fxg6 24. Bxe6+ Rf7 25. Qxg6 
Qf6 26. Qxf6 Bxf6 27. Bxc8 Bxc3 28. Be6 Ng3 29. Rh2 Be1 30. c3 Kg7 31. 
Bxf7 Kxf7 32. Kc2 Ke6 33. Kd3 b5 34. a3 a5 35. Rh7 d5 36. Rh6+ Ke5 37. 
exd5 Kxd5 38. Rf6 a4 39. Rf3 Kc6 40. Rf8 Kd5 41. Rd8+ Kc6 42. Rc8+ Kd6 43.
 Rb8 Kc5 44. Re8 Bf2 45. Rc8+ Kb6 46. c4 Nf5 47. Rf8 bxc4+ 48. Kxc4 Ne3+ 
49. Kd3 Ng4 50. Rf4 Ne5+ 51. Kc2 Bg3 52. Rxa4 Nc6 53. Rg4 Be5 54. Rg5 Kb5 
55. b3 Kc5 56. Kd3 Kd5 57. b4 Nd4 58. Rh5 Ne6 59. Rh6 Nf4+ 60. Kc2 Ne6 61.
 Rh5 Ng7 62. Rh7 Ne6 63. Rh4 Bf6 64. Rg4 Be5 65. Kd3 Nf4+ 66. Ke3 Ne6 67. 
a4 Bd6 68. Kd2 Nf4 69. Kc3 Ne2+ 70. Kb2 Nf4 71. Kb3 Nd3 72. b5 Bc7 73. Kc3
Ne5 74. Rg5 Ba5+ 75. Kb3 Kd4 76. Rg7 Nf3 77. Rh7 Nd2+ 78. Kc2 Ne4 79. Rh4 
Kd5 80. Kb3 Nd2+ 81. Kb2 Nc4+ 82. Ka2 Kc5 83. Kb3 Nd2+ 84. Kc2 Nc4 85. Rf4
Bc7 86. Rf7 Bd6 87. Rh7 Kb4 88. Rh4 1/2-1/2

[Event "Herbert W. Gustafson Memorial Open, S47059"]
[Site "CCLA"]
[Date "2014.10.27"]
[Round "?"]
[White "Gredescul, Andrea"]
[Black "Beckett, Phillip J."]
[Result "1-0"]
[WhiteElo "2026"]
[BlackElo "2036"]

1. e4 c5 2. Nf3 d6 3. d4 cxd4 4. Nxd4 Nf6 5. Nc3 g6 6. Be3 Bg7 7. f3 Nc6 
8. Qd2 O-O 9. Bc4 Bd7 10. h4 Ne5 11. Bb3 Rc8 12. O-O-O Nc4 13. Bxc4 Rxc4 
14. h5 Nxh5 15. g4 Nf6 16. Kb1 b5 17. b3 b4 18. Nd5 Nxd5 19. exd5 Rc3 20. 
Qh2 h5 21. gxh5 g5 22. Bxg5 Bxd4 23. Rxd4 Bf5 24. Rc1 f6 25. Bd2 Rc7 26. 
Rxb4 Qc8 27. Be3 Kh8 28. Kb2 a5 29. Ra4 Rg8 30. c4 Bh7 31. Rxa5 Qf5 32. 
Ka3 Qxf3 33. Bb6 Rb7 34. Qf2 Qxh5 35. Bd4 Bg6 36. Rb5 Ra8+ 37. Kb4 Rxb5+ 
38. cxb5 Qxd5 39. Rc7 Rb8 40. a4 Rb7 41. Rxb7 Qxb7 42. a5 Bd3 43. Qh2+ Kg7
44. Qg3+ Bg6 45. a6 Qa8 46. Ka5 Qd5 47. Bg1 Kf7 48. Qc3 Bd3 49. Qc6 Qe5 
50. Kb6 Be4 51. Qc4+ Bd5 52. Qd4 Qf5 53. Kc7 Qc2+ 54. Kb8 Qxb3 55. b6 e5 
56. Qh4 Kg6 57. Qg4+ Kf7 58. Qd7+ 1-0

[Event "Continuous Server Series, S40079"]
[Site "CCLA"]
[Date "2014.03.17"]
[Round "?"]
[White "Kline, John T."]
[Black "Baker, Scott"]
[Result "1-0"]
[WhiteElo "1569"]
[BlackElo "1471"]

1. e4 c5 2. Nf3 e6 3. d4 cxd4 4. Nxd4 Nf6 5. Nc3 d6 6. g4 h6 7. h4 Nc6 8. 
Rg1 h5 9. gxh5 Nxh5 10. Bg5 Qc7 11. Qd2 a6 12. O-O-O Bd7 13. Be2 Rc8 14. 
Nxc6 Bxc6 15. Kb1 b5 16. Rge1 Nf6 17. Bf3 Be7 18. Re3 Nd7 19. Nd5 Bxd5 20.
 exd5 Bxg5 21. hxg5 e5 22. Bg4 Rh4 23. f3 b4 24. Re4 Rxg4 25. Rxg4 Nb6 26.
 g6 f6 27. Rxb4 Nxd5 28. Rb3 Nf4 29. Rc3 Qb7 30. Qxd6 Ne2 31. Qe6+ 1-0

[Event "Regular Quad, S40429"]
[Site "CCLA"]
[Date "2014.12.12"]
[Round "?"]
[White "Klimushyn, Charles"]
[Black "Williams, Rufus H."]
[Result "1-0"]
[WhiteElo "1648"]
[BlackElo "1222"]

1. e4 c5 2. Nc3 d6 3. f4 e6 4. Nf3 Nf6 5. d4 cxd4 6. Nxd4 Nc6 7. Bb5 Be7 
8. Be3 Bd7 9. Qd2 Nxd4 10. Bxd7+ Qxd7 11. Bxd4 d5 12. e5 Ne4 13. Nxe4 dxe4
14. Qe3 Rc8 15. c3 b6 16. Qxe4 Qb5 17. b3 Ba3 18. c4 Qb4+ 19. Ke2 O-O 20. 
Rad1 Rfd8 21. Rd3 Qe7 22. Rh3 g6 23. Rd1 Kg7 24. f5 Rh8 25. f6+ Kf8 26. 
fxe7+ Kxe7 27. Qb7+ 1-0

[Event "Premier Quad, S40319"]
[Site "CCLA"]
[Date "2014.09.26"]
[Round "?"]
[White "Stroup, Jim"]
[Black "Shannon, Paul D."]
[Result "1-0"]
[WhiteElo "1768"]
[BlackElo "1832"]

1. e4 e6 2. d4 c5 3. Nf3 cxd4 4. Nxd4 Nc6 5. Nc3 a6 6. Be2 Qc7 7. O-O Nf6 
8. Be3 d6 9. f4 Be7 10. Qe1 O-O 11. Qg3 Nxd4 12. Bxd4 b5 13. a3 Bb7 14. 
Rad1 Bc6 15. Bf3 Qb7 16. Rfe1 Rfd8 17. Nd5 Ne8 18. Rd3 f6 19. Qg4 Bxd5 20.
 exd5 e5 21. Qe6+ Kh8 22. Be4 Bf8 23. Bxh7 Kxh7 24. Rh3+ Kg6 25. f5+ Kg5 
26. Ree3 1-0

[Event "Herbert W. Gustafson Memorial Open, S47119"]
[Site "CCLA"]
[Date "2014.10.27"]
[Round "?"]
[White "Smiley, William R."]
[Black "McLaughlin, Ed"]
[Result "1-0"]
[WhiteElo "1530"]
[BlackElo "1561"]

1. e4 c5 2. Nf3 d6 3. d4 cxd4 4. Nxd4 Nf6 5. Nc3 a6 6. Bd3 Nc6 7. Nde2 Bg4
8. f3 Bd7 9. Bg5 h6 10. Bh4 g5 11. Bf2 Bg7 12. O-O O-O 13. Nd5 Ne5 14. Bb6
1-0

[Event "Herbert W. Gustafson Memorial Open, S47059"]
[Site "CCLA"]
[Date "2014.10.27"]
[Round "?"]
[White "Gredescul, Andrea"]
[Black "Clancey, James"]
[Result "1-0"]
[WhiteElo "2026"]
[BlackElo "2053"]

1. e4 c5 2. Nf3 d6 3. d4 cxd4 4. Nxd4 Nf6 5. Nc3 a6 6. h3 e5 7. Nde2 h5 8.
 Bg5 Be6 9. Ng3 g6 10. f4 exf4 11. e5 fxg3 12. Bxf6 Qb6 13. Qf3 Qf2+ 14. 
Qxf2 gxf2+ 15. Kxf2 Rg8 16. exd6 Bxd6 17. Ne4 Be7 18. Be2 Nd7 19. Bxe7 
Kxe7 20. Rhd1 Rac8 21. c4 Bxc4 22. Nd6 Bxe2 23. Nxc8+ Rxc8 24. Re1 Kf6 25.
 Rxe2 Ne5 26. Rf1 Ke6 27. Rd1 f6 28. Rdd2 Rc7 29. Rc2 Re7 30. Red2 h4 31. 
Rc8 g5 32. Rdd8 Kf7 33. b3 Nc6 34. Rf8+ Ke6 35. Rce8 Kd7 36. Rxe7+ Kxe7 
37. Rh8 Kd6 38. Rh7 Nd8 39. Kf3 1-0

[Event "Open Server Series, S40209"]
[Site "CCLA"]
[Date "2014.06.13"]
[Round "?"]
[White "Ramsden, Jim E."]
[Black "Capuzzi, Gabriele"]
[Result "1/2-1/2"]
[WhiteElo "1836"]
[BlackElo "1775"]

1. e4 c5 2. Nf3 d6 3. d4 cxd4 4. Nxd4 Nf6 5. Nc3 a6 6. Be3 e5 7. Nf3 Be7 
8. Bc4 O-O 9. O-O Nc6 10. Bb3 Be6 11. Bg5 Nd7 12. Bxe7 Qxe7 13. Nd5 Bxd5 
14. Qxd5 Nf6 15. Qd3 Na5 16. Rfe1 Nxb3 17. Qxb3 Rac8 18. Rad1 Rfd8 19. c4 
h6 20. Qb4 Qc7 21. b3 Qc6 22. Nd2 b6 23. Kf1 Qc5 24. Qxc5 dxc5 25. Nf3 Re8
26. Rd6 Rb8 27. h3 1/2-1/2

[Event "Herbert W. Gustafson Memorial Open, S47019"]
[Site "CCLA"]
[Date "2014.10.27"]
[Round "?"]
[White "Edwards, K. E. D. G."]
[Black "Belanoff, Stuart"]
[Result "1/2-1/2"]
[WhiteElo "2319"]
[BlackElo "2265"]

1. e4 c5 2. Nf3 d6 3. d4 cxd4 4. Nxd4 Nf6 5. Nc3 a6 6. Be3 e5 7. Nb3 Be6 
8. f3 h5 9. Qd2 Nbd7 10. Nd5 Bxd5 11. exd5 g6 12. O-O-O Nb6 13. Qa5 Bh6 
14. Bxh6 Rxh6 15. Kb1 Kf8 16. c4 Kg7 17. g3 Rh8 18. Rc1 Nbd7 19. Qxd8 
1/2-1/2

[Event "Summer Server Series, S40071"]
[Site "CCLA"]
[Date "2014.07.28"]
[Round "?"]
[White "Hadley, Douglas R."]
[Black "Greco, Tom"]
[Result "1-0"]
[WhiteElo "1576"]
[BlackElo "1644"]

1. e4 c5 2. Nf3 d6 3. d4 cxd4 4. Nxd4 Nf6 5. Nc3 a6 6. Be3 e5 7. Nb3 Be6 
8. f3 Be7 9. Qd2 O-O 10. O-O-O b5 11. g4 Nc6 12. g5 Nh5 13. Nd5 f5 14. 
gxf6 Nxf6 15. Nxe7+ Nxe7 16. Qxd6 Qxd6 17. Rxd6 Bf7 18. Rg1 Rfc8 19. Rxf6 
1-0

[Event " NA Class A Server Championship, S40109"]
[Site "CCLA"]
[Date "2014.04.30"]
[Round "?"]
[White "Ragan, Anthony"]
[Black "Calkins, Donn"]
[Result "0-1"]
[WhiteElo "1900"]
[BlackElo "1938"]

1. e4 c5 2. Nf3 d6 3. d4 cxd4 4. Nxd4 Nf6 5. Nc3 a6 6. Be2 e5 7. Nb3 Be7 
8. Be3 Be6 9. O-O O-O 10. f4 a5 11. f5 Bd7 12. Nd5 Nxd5 13. exd5 Na6 14. 
Nd2 Bg5 15. Bxg5 Qxg5 16. Nc4 Bxf5 17. Nxd6 Bg6 18. c4 Nc5 19. Nb5 Be4 20.
 Bf3 Qe3+ 21. Kh1 Bd3 22. Qc1 Qxc1 23. Rfxc1 e4 24. Bg4 f5 25. Bd1 g5 26. 
Nd4 f4 27. Bc2 Bxc2 28. Rxc2 e3 29. Re1 Rae8 30. Kg1 g4 31. Rc3 Ne4 32. 
Rc2 Nd2 33. Ne6 f3 0-1